Wszyscy zawodnicy w skokach narciarskich którzy przelecieli za 250m - Statystyki

Ogólne statystyki
  • Ten quiz został rozwiązany 23 razy
  • Średni wynik to 2 z 6
Statystyki odpowiedzi
skocznia rozmiar rok skoczek odległość % Poprawnych
Planica HS240 2017 Kamil stoch 251.5M
81%
Vikersund HS225 2017 Stefan Kraft 253.5M
63%
Vikersund HS225 2015 Peter Prevc 250M
44%
Planica HS240 2019 Ryoyu Kobayashi 252M
25%
Vikersund HS225 2017 Robert Johansson 252M
13%
Vikersund HS225 2015 Anders Fannemel 251.5M
0%
Nie znaleziono quizów pasujących do podanych kryteriów
Rozkład punktacji
Procent ludzi z każdym wynikiem
Percentyl według liczby udzielonych odpowiedzi
Twoja historia wyników
Nie rozwiązałeś tego quizu